| 000 | 00596nam a2200193 u 4500 | ||
|---|---|---|---|
| 005 | 20210219161005.0 | ||
| 008 | 100621s2002 mx r 000 0 spa d | ||
| 020 | _a9686871624 | ||
| 035 | _aUPN01000176703 | ||
| 049 | _aCG | ||
| 050 | 4 |
_aPS3531 O7.5 _bC8.3 |
|
| 100 | 1 |
_aPorter, Katherine Anne, _d1890-1980 |
|
| 245 | 1 | 0 |
_aCuentos mexicanos / _cKatherine Anne Porter ; pról. Beatriz Espejo ; tr. J. Ferrer Aleu. |
| 260 |
_aMéxico : _bFactoría, _c2002. |
||
| 300 | _a147 p. . | ||
| 440 | 3 |
_aLa serpiente emplumada ; _v27 |
|
| 534 |
_pTítulo original: _tCollected stories |
||
| 905 | _aLibro | ||
| 999 |
_c148806 _d148806 |
||